Villes en finale de Ligue des Champions - Statistiques

Statistiques générales
  • Ce quiz a été pris 174 fois
  • Le résultat moyen est 28 sur 36
Réponses sur la Carte
Les réponses sont colorées sur une échelle allant du rouge au vert en fonction du pourcentage des utilisateurs qui les ont devinées à leur premier essai. Vous pouvez retrouver ces pourcentages ci-dessous.
 
Statistiques - réponses
Réponse % Correct
Paris
99%
Madrid
98%
Barcelone
97%
Londres
97%
Manchester
97%
Marseille
97%
Porto
97%
Rome
97%
Munich
96%
Lisbonne
95%
Milan
95%
Liverpool
90%
Amsterdam
89%
Turin
88%
Athènes
85%
Saint-Étienne
84%
Dortmund
83%
Valence
83%
Bucarest
81%
Monaco
81%
Reims
80%
Glasgow
78%
Hambourg
76%
Rotterdam
74%
Belgrade
70%
Florence
67%
Bruges
65%
Birmingham
63%
Francfort
63%
Malmö
56%
Gênes
54%
Nottingham
54%
Eindhoven
53%
Leeds
45%
Leverkusen
28%
Mönchengladbach
24%
Aucun quiz correspondant
Distribution des résultats
% des personnes avec chaque résultat
Percentile par nombre de réponses
Votre historique - résultats
Vous n’avez pas pris ce quiz